Normal view
MARC view
Entry Personal Name
001 - CONTROL NUMBER
- control field: 29161
003 - CONTROL NUMBER IDENTIFIER
- control field: OSt
005 - DATE AND TIME OF LATEST TRANSACTION
- control field: 20260615113614.0
008 - FIXED-LENGTH DATA ELEMENTS
- fixed length control field: 260615|| aca||aabn | a|a d
040 ## - CATALOGING SOURCE
- Original cataloging agency: OSt
- Transcribing agency: OSt
100 ## - HEADING--PERSONAL NAME
- Personal name: Tate Marcia L
670 ## - SOURCE DATA FOUND
- Source citation: Work cat.: (OSt)24267: Tate Marcia L., Shouting won't grow dendrites : 20 techniques for managing a brain-compatible classroom, 2007
